Cal incrementar les excavacions de l'hort de la Torre
Publicado:
Sol Ixent, setmanari polític i d'informació, núm. 164 (gener 1936), pàg. 1 :
Descripción Física:
35 cm
MARC
| LEADER | 00000nam a2200000Ia 4500 | ||
|---|---|---|---|
| 001 | 22634 | ||
| 008 | 160829s9999 xx 000 0 cat d | ||
| 080 | |a RF-13-71 | ||
| 245 | |a Cal incrementar les excavacions de l'hort de la Torre | ||
| 260 | |a Sol Ixent, setmanari polític i d'informació, núm. 164 (gener 1936), pàg. 1 | ||
| 300 | |a 35 cm | ||
| 610 | 2 | 0 | |a Museu de Badalona |9 54991 |
| 650 | |a Clos de la Torre (Badalona : Jaciment arqueològic) |9 46433 | ||
| 856 | 4 | |u https://media.diba.cat/diba/fitxers/arxiu/fulletons/bib_22634_1936_baixa.pdf |y Accés lliure | |
| 856 | 4 | |u https://media.diba.cat/diba/fitxers/arxiu/fulletons/bib_22634_1936_baixa.pdf |y Accés lliure | |
| 901 | |a Arxiu | ||
| 942 | |n 1 |2 udc | ||
| 952 | |0 0 |1 0 |4 0 |6 RF1371 |7 1 |9 52327 |a Arxiu |b Arxiu |d 2016-12-01 |l 0 |o RF-13-71 |p 22634 |r 2016-12-01 00:00:00 |w 2016-12-01 |y ARXIU | ||
| 999 | |c 56175 |d 56175 | ||
| 900 | |a bib_22634_1936_baixa.pdf | ||